10 największych miast w Kenii - Statystyki

Ogólne statystyki
  • Ten quiz został rozwiązany 29 razy
  • Średni wynik to 2 z 10
Statystyki odpowiedzi
Populacja Odpowiedź % Poprawnych
3 134 tys. Nairobi
100%
915 tys. Mombasa
75%
252 tys. Eldoret
13%
259 tys. Kisumu
6%
286 tys. Nakuru
6%
110 tys. Athi River
0%
110 tys. Garissa
0%
190 tys. Kikuyu
0%
237 tys. Ruiru
0%
137 tys. Thika
0%
Nie znaleziono quizów pasujących do podanych kryteriów
Rozkład punktacji
Procent ludzi z każdym wynikiem
Percentyl według liczby udzielonych odpowiedzi
Twoja historia wyników
Nie rozwiązałeś tego quizu